[Event "Tashkent UzChess Challengers 2nd"]
[Site "Tashkent"]
[Date "2025.06.27"]
[Round "9"]
[White "Tokhirjonova, Gulruhbegim"]
[Black "Hong, Andrew Z"]
[Result "1/2-1/2"]
[WhiteElo "2370"]
[BlackElo "2589"]
[PlyCount "66"]
[EventDate "2025.06.18"]
[EventType "tourn"]
[EventRounds "9"]
[EventCountry "UZB"]
[EventCategory "13"]
[SourceTitle "CB27_2025"]
[SourceDate "2025.07.02"]
[SourceVersion "1"]
[SourceVersionDate "2025.07.02"]
[SourceQuality "1"]

1. e4 Nc6 2. d4 d5 3. exd5 Qxd5 4. Nf3 Bg4 5. Nc3 Qh5 6. d5 0-0-0 7. Be2 e6 8. Ng5 Bxe2 9. Qxe2 Qxe2+ 10. Kxe2 Ne5 11. f4 h6 12. fxe5 hxg5 13. dxe6 fxe6 14. Bxg5 Be7 15. Bxe7 Nxe7 16. Rad1 Rdf8 17. Rdf1 Rd8 18. Rd1 Rdf8 19. Rdf1 Nf5 20. Rf4 Rd8 21. Ne4 Nd4+ 22. Kd1 Nf5+ 23. Ke2 Nd4+ 24. Kd1 Nf5+ 25. Kc1 Ne3 26. b3 Nxg2 27. Rf7 Rh5 28. Rxg7 Nh4 29. Ng5 Nf5 30. Rg6 Nh4 31. Rg7 Nf5 32. Rg6 Nh4 33. Rg7 Nf5 1/2-1/2

[Event "Tashkent UzChess Challengers 2nd"]
[Site "Tashkent"]
[Date "2025.06.26"]
[Round "8"]
[White "Madaminov, Mukhiddin"]
[Black "Tokhirjonova, Gulruhbegim"]
[Result "1/2-1/2"]
[WhiteElo "2536"]
[BlackElo "2370"]
[PlyCount "60"]
[EventDate "2025.06.18"]
[EventType "tourn"]
[EventRounds "9"]
[EventCountry "UZB"]
[EventCategory "13"]
[SourceTitle "CB27_2025"]
[SourceDate "2025.07.02"]
[SourceVersion "1"]
[SourceVersionDate "2025.07.02"]
[SourceQuality "1"]

1. e4 c5 2. Nf3 e6 3. d4 cxd4 4. Nxd4 Nc6 5. Nb5 d6 6. c4 Nf6 7. N1c3 a6 8. Na3 Be7 9. Be2 0-0 10. 0-0 b6 11. Be3 Bb7 12. Qb3 Nd7 13. Rfd1 Nc5 14. Qc2 Bf6 15. Rac1 Be5 16. Nab1 f5 17. f4 Bxc3 18. Nxc3 fxe4 19. a3 e5 20. Nd5 Nd4 21. Bxd4 exd4 22. Rxd4 Ne6 23. Rxe4 Bxd5 24. cxd5 Nxf4 25. Bg4 Qg5 26. Be6+ Kh8 27. Rce1 h6 28. Kh1 Nxd5 29. h4 Qh5 30. Qd1 Qxd1 1/2-1/2

[Event "Tashkent UzChess Challengers 2nd"]
[Site "Tashkent"]
[Date "2025.06.20"]
[Round "2"]
[White "Abasov, Nijat Azad"]
[Black "Tokhirjonova, Gulruhbegim"]
[Result "1-0"]
[WhiteElo "2594"]
[BlackElo "2370"]
[PlyCount "65"]
[EventDate "2025.06.18"]
[EventType "tourn"]
[EventRounds "9"]
[EventCountry "UZB"]
[EventCategory "13"]
[SourceTitle "CB27_2025"]
[SourceDate "2025.07.02"]
[SourceVersion "1"]
[SourceVersionDate "2025.07.02"]
[SourceQuality "1"]

1. e4 c6 2. d4 d5 3. e5 Bf5 4. Nf3 e6 5. Be2 Nd7 6. 0-0 c5 7. c4 dxc4 8. Nc3 Ne7 9. Bxc4 a6 10. Re1 Nb6 11. Bf1 Nc6 12. Be3 c4 13. Nd2 Nb4 14. Nxc4 Nc2 15. g4 Bg6 16. Nxb6 Qxb6 17. d5 Qxb2 18. d6 Rd8 19. Qd2 Qb4 20. Red1 f6 21. Rac1 Nxe3 22. Qxe3 fxe5 23. Qxe5 Qxg4+ 24. Bg2 Qf5 25. Qg3 Bh5 26. Rd4 g5 27. Ne4 Bg7 28. d7+ Ke7 29. Qa3+ Kf7 30. Nd6+ Kg6 31. Nxf5 Bxd4 32. Nxd4 Rxd7 33. Nxe6 1-0

[Event "WchT Blitz Pool C"]
[Site "London"]
[Date "2025.06.14"]
[Round "5.5"]
[White "Camp, Imogen AL"]
[Black "Tokhirjonova, Gulruhbegim"]
[Result "0-1"]
[WhiteElo "1915"]
[BlackElo "2370"]
[PlyCount "61"]
[EventDate "2025.06.14"]
[EventType "team-tourn"]
[EventRounds "13"]
[EventCountry "ENG"]
[SourceTitle "CB25_2025"]
[SourceDate "2025.06.18"]
[SourceVersion "1"]
[SourceVersionDate "2025.06.18"]
[SourceQuality "1"]
[WhiteTeam "Wood Green Youth"]
[BlackTeam "Uzbekistan"]
[WhiteTeamCountry "ENG"]
[BlackTeamCountry "UZB"]

1. d4 Nf6 2. Bf4 d5 3. e3 g6 4. Nf3 Bg7 5. h3 0-0 6. Be2 c5 7. c3 Qb6 8. Qb3 c4 9. Qc2 Bf5 10. Qc1 Nc6 11. Nbd2 Rac8 12. Ne5 Nd7 13. Nxd7 Bxd7 14. e4 e6 15. 0-0 Ne7 16. Re1 Bc6 17. e5 Qc7 18. Nf1 b5 19. Bg5 a5 20. f4 b4 21. g4 f6 22. exf6 Bxf6 23. Bh6 Rf7 24. Bf3 Bd7 25. Qe3 Bg7 26. Bg5 Rcf8 27. Kg2 Nc8 28. f5 gxf5 29. Bf4 Qd8 30. g5 Ne7 31. Ng3 0-1

[Event "WchT Blitz Pool C"]
[Site "London"]
[Date "2025.06.14"]
[Round "7.5"]
[White "Mihailidou, Magdalini"]
[Black "Tokhirjonova, Gulruhbegim"]
[Result "0-1"]
[WhiteElo "1922"]
[BlackElo "2370"]
[PlyCount "94"]
[EventDate "2025.06.14"]
[EventType "team-tourn"]
[EventRounds "13"]
[EventCountry "ENG"]
[SourceTitle "CB25_2025"]
[SourceDate "2025.06.18"]
[SourceVersion "1"]
[SourceVersionDate "2025.06.18"]
[SourceQuality "1"]
[WhiteTeam "Chess Rising Stars"]
[BlackTeam "Uzbekistan"]
[WhiteTeamCountry "GRE"]
[BlackTeamCountry "UZB"]

1. e4 e5 2. Nf3 Nc6 3. Bc4 Bc5 4. c3 Nf6 5. b4 Bb6 6. d3 d6 7. a4 a5 8. b5 Ne7 9. 0-0 Ng6 10. Ra2 0-0 11. Nbd2 c6 12. bxc6 bxc6 13. Re1 d5 14. exd5 cxd5 15. Bb5 Ng4 16. Nf1 Bc7 17. h3 Nf6 18. Rae2 h6 19. Ba3 e4 20. Bxf8 Nxf8 21. dxe4 Nxe4 22. Bc6 Nxc3 23. Qa1 Nxe2+ 24. Rxe2 Rb8 25. Ne3 Be6 26. Nd4 Qf6 27. Qe1 Qxd4 28. Bb5 Qb4 29. Qd1 Bf4 30. Nxd5 Bxd5 31. Qxd5 Qb1+ 32. Re1 Qxe1+ 33. Bf1 Rb1 34. Qd3 Ne6 35. g3 Be5 36. Kg2 Qxf1+ 37. Qxf1 Rxf1 38. Kxf1 Nc5 39. Ke2 Nxa4 40. Kd3 Nb6 41. Ke4 Bd6 42. Kd4 a4 43. Kc3 a3 44. Kb3 f5 45. f4 Kf7 46. h4 Ke6 47. h5 Kd5 0-1

[Event "WchT Blitz Pool C"]
[Site "London"]
[Date "2025.06.14"]
[Round "8.5"]
[White "Tokhirjonova, Gulruhbegim"]
[Black "Sivanandan, Bodhana"]
[Result "0-1"]
[WhiteElo "2370"]
[BlackElo "2109"]
[PlyCount "112"]
[EventDate "2025.06.14"]
[EventType "team-tourn"]
[EventRounds "13"]
[EventCountry "ENG"]
[SourceTitle "CB25_2025"]
[SourceDate "2025.06.18"]
[SourceVersion "1"]
[SourceVersionDate "2025.06.18"]
[SourceQuality "1"]
[WhiteTeam "Uzbekistan"]
[BlackTeam "e-therapeutics"]
[WhiteTeamCountry "UZB"]
[BlackTeamCountry "ENG"]

1. e4 e5 2. Nf3 Nf6 3. Nxe5 d6 4. Nf3 Nxe4 5. Nc3 Nxc3 6. dxc3 Be7 7. Bd3 0-0 8. Be3 Nd7 9. Qd2 Nf6 10. 0-0-0 Re8 11. h3 Be6 12. Kb1 Nd5 13. Bg5 Bxg5 14. Nxg5 Nf6 15. Rhe1 Qd7 16. f4 Qc6 17. g4 Bc4 18. Qf2 Bxd3 19. cxd3 Qb6 20. Qxb6 axb6 21. a3 Nd5 22. f5 h6 23. Ne4 Nf4 24. h4 d5 25. Nf2 Ng2 26. Rxe8+ Rxe8 27. Rh1 Re2 28. Nd1 Nf4 29. d4 c5 30. dxc5 bxc5 31. g5 h5 32. Rf1 Nd3 33. g6 fxg6 34. fxg6 Re6 35. Rf5 Rxg6 36. Rxd5 c4 37. Ne3 Rg1+ 38. Kc2 Nf4 39. Rd8+ Kh7 40. Nxc4 Rg4 41. Rd7 Rxh4 42. Rxb7 Rg4 43. a4 h4 44. Ne3 Rg3 45. Nf5 Rg2+ 46. Kb3 h3 47. Nh4 h2 48. Nxg2 Nxg2 49. a5 h1Q 50. a6 Ne3 51. Kb4 Qc6 52. Ka5 Nc4+ 53. Kb4 Qxa6 54. Rb5 Nd6 55. Re5 Qb6+ 56. Ka3 Nc4+ 0-1

[Event "WchT Rapid"]
[Site "London"]
[Date "2025.06.13"]
[Round "12.5"]
[White "Kosteniuk, Alexandra"]
[Black "Tokhirjonova, Gulruhbegim"]
[Result "1/2-1/2"]
[WhiteElo "2483"]
[BlackElo "2282"]
[PlyCount "74"]
[EventDate "2025.06.11"]
[EventType "team-swiss"]
[EventRounds "12"]
[EventCountry "ENG"]
[SourceTitle "CB25_2025"]
[SourceDate "2025.06.18"]
[SourceVersion "1"]
[SourceVersionDate "2025.06.18"]
[SourceQuality "1"]
[WhiteTeam "WR Chess"]
[BlackTeam "Uzbekistan"]
[WhiteTeamCountry "GER"]
[BlackTeamCountry "UZB"]

1. d4 Nf6 2. c4 e6 3. Nc3 Bb4 4. e3 0-0 5. Bd3 d5 6. a3 dxc4 7. Bxc4 Bd6 8. Nf3 Nc6 9. e4 e5 10. d5 Ne7 11. Qd3 a6 12. h4 b5 13. Ba2 Nh5 14. g3 Kh8 15. b4 f5 16. Ng5 Nf6 17. Bd2 Qe8 18. Ne6 Bxe6 19. dxe6 Rd8 20. Qe2 Qc6 21. Rc1 fxe4 22. Nd5 Qb7 23. Nxe7 Bxe7 24. 0-0 Rd3 25. Bc3 Qb6 26. Bxe5 Bd6 27. Bxd6 cxd6 28. e7 Rb8 29. Qc2 Rxg3+ 30. Kh2 Rf3 31. Qc8+ Ne8 32. Qe6 Nc7 33. Rxc7 Rxf2+ 34. Rxf2 Qxf2+ 35. Kh1 Qf1+ 36. Kh2 Qf2+ 37. Kh1 Qf1+ 1/2-1/2

[Event "Asia-ch (Women)"]
[Site "Al Ain"]
[Date "2025.05.15"]
[Round "9"]
[White "Song, Yuxin"]
[Black "Tokhirjonova, Gulruhbegim"]
[Result "1-0"]
[WhiteElo "2397"]
[BlackElo "2369"]
[PlyCount "63"]
[EventDate "2025.05.07"]
[EventType "swiss"]
[EventRounds "9"]
[EventCountry "UAE"]
[SourceTitle "CB21_2025"]
[SourceDate "2025.05.21"]
[SourceVersion "1"]
[SourceVersionDate "2025.05.21"]
[SourceQuality "1"]

1. e4 e6 2. d4 d5 3. Nc3 Nf6 4. Bg5 h6 5. Bxf6 Qxf6 6. exd5 Bb4 7. Bc4 exd5 8. Bxd5 0-0 9. Nge2 Rd8 10. 0-0 Na6 11. Bf3 Bxc3 12. bxc3 Nc5 13. Ng3 Na4 14. Qd3 c6 15. Rfe1 Be6 16. h3 Rac8 17. Bg4 Bxg4 18. hxg4 c5 19. Nf5 Rc7 20. Qg3 Rcd7 21. Re3 Kh7 22. Rae1 cxd4 23. cxd4 Rc8 24. Rf3 Qg5 25. Qe5 Nb6 26. Rh3 Rc6 27. Nxh6 Qxh6 28. Qf5+ g6 29. Rxh6+ Kxh6 30. Qe5 f6 31. Qh2+ Kg7 32. Re8 1-0

[Event "Asia-ch (Women)"]
[Site "Al Ain"]
[Date "2025.05.12"]
[Round "6"]
[White "Nandhidhaa, PV."]
[Black "Tokhirjonova, Gulruhbegim"]
[Result "1-0"]
[WhiteElo "2363"]
[BlackElo "2369"]
[PlyCount "133"]
[EventDate "2025.05.07"]
[EventType "swiss"]
[EventRounds "9"]
[EventCountry "UAE"]
[SourceTitle "CB21_2025"]
[SourceDate "2025.05.21"]
[SourceVersion "1"]
[SourceVersionDate "2025.05.21"]
[SourceQuality "1"]

1. e4 e5 2. Nf3 Nc6 3. d4 exd4 4. Nxd4 Nf6 5. Nxc6 bxc6 6. Nd2 d5 7. exd5 cxd5 8. Bb5+ Bd7 9. Bxd7+ Qxd7 10. 0-0 Be7 11. b3 0-0 12. Bb2 a5 13. a4 c5 14. Qf3 Rfe8 15. Rad1 Qb7 16. Nc4 Ne4 17. Ne3 d4 18. Nc4 Bf8 19. Rfe1 Ra6 20. Re2 Rae6 21. Qd3 Qc7 22. Rde1 Nd6 23. Bc1 Qe7 24. Rxe6 fxe6 25. Bd2 Nf7 26. Bxa5 e5 27. f3 Qf6 28. Bd2 Bd6 29. Qe4 Bb8 30. Qd5 Qe7 31. Qc6 g5 32. Re4 Kg7 33. Ba5 Qf8 34. Bb6 Rc8 35. Qd7 Kf6 36. a5 Bd6 37. a6 Qe8 38. Qh3 Kg6 39. Qg3 Kf6 40. a7 h6 41. Qg4 Qe6 42. Qxe6+ Kxe6 43. Re1 Ra8 44. Ra1 Kd7 45. Ra6 h5 46. Kf1 g4 47. Ke2 gxf3+ 48. gxf3 h4 49. h3 Be7 50. Ba5 Kc8 51. Rc6+ Kd7 52. Rc7+ Ke6 53. Nb6 Rxa7 54. Rxa7 Ng5 55. Nc4 Nxh3 56. Nxe5 Nf4+ 57. Kf1 h3 58. Ng4 Bd6 59. Bc7 d3 60. cxd3 Bxc7 61. Rxc7 Nxd3 62. Kg1 Kd6 63. Rb7 Kc6 64. Re7 Kb5 65. Re3 Nf4 66. Kh2 Nd5 67. Re4 1-0

[Event "Asia-ch (Women)"]
[Site "Al Ain"]
[Date "2025.05.11"]
[Round "5"]
[White "Tokhirjonova, Gulruhbegim"]
[Black "Rakshitta, Ravi"]
[Result "1-0"]
[WhiteElo "2369"]
[BlackElo "2324"]
[PlyCount "87"]
[EventDate "2025.05.07"]
[EventType "swiss"]
[EventRounds "9"]
[EventCountry "UAE"]
[SourceTitle "CB21_2025"]
[SourceDate "2025.05.21"]
[SourceVersion "1"]
[SourceVersionDate "2025.05.21"]
[SourceQuality "1"]

1. d4 Nf6 2. c4 e6 3. Nc3 Bb4 4. Qc2 Nc6 5. e3 d6 6. Bd3 e5 7. Nge2 0-0 8. 0-0 Bxc3 9. Qxc3 a5 10. Ng3 Re8 11. d5 Nb8 12. e4 c6 13. h3 cxd5 14. cxd5 Nbd7 15. Be3 Nf8 16. Rfc1 b6 17. a3 Re7 18. Qb3 Rb8 19. Rc6 b5 20. Rac1 Reb7 21. Qc2 Bd7 22. Rxd6 Ne8 23. Ra6 Rc7 24. Qd2 Rxc1+ 25. Qxc1 b4 26. Qc5 bxa3 27. bxa3 a4 28. Bd2 Ng6 29. Ra7 Nf4 30. Bf1 Rb1 31. Bb4 Nf6 32. Qd6 h5 33. Rb7 h4 34. Rb8 Qxb8 35. Qxb8+ Kh7 36. Qxe5 Nd3 37. Qd4 Nxb4 38. e5 hxg3 39. exf6 Bf5 40. Qh4+ Kg6 41. Qxg3+ Kxf6 42. axb4 g6 43. Qc3+ Kg5 44. g4 1-0

[Event "Asia-ch (Women) Blitz"]
[Site "Al Ain"]
[Date "2025.05.10"]
[Round "4"]
[White "Song, Yuxin"]
[Black "Tokhirjonova, Gulruhbegim"]
[Result "1-0"]
[WhiteElo "2397"]
[BlackElo "2369"]
[PlyCount "95"]
[EventDate "2025.05.10"]
[EventType "swiss (blitz)"]
[EventRounds "9"]
[EventCountry "UAE"]
[SourceTitle "CB20_2025"]
[SourceDate "2025.05.14"]
[SourceVersion "1"]
[SourceVersionDate "2025.05.14"]
[SourceQuality "1"]

1. e4 e5 2. Nf3 Nc6 3. Bb5 a6 4. Ba4 Nf6 5. 0-0 Be7 6. d3 d6 7. h3 0-0 8. c4 Bd7 9. Nc3 Re8 10. Re1 Nd4 11. Nxd4 exd4 12. Ne2 Bxa4 13. Qxa4 c5 14. Ng3 Qd7 15. Qxd7 Nxd7 16. Nf5 Bf8 17. Bf4 Ne5 18. Red1 b5 19. b3 bxc4 20. bxc4 Rab8 21. Bxe5 dxe5 22. Rab1 g6 23. Ng3 Bd6 24. Nf1 Rb4 25. a3 Rxb1 26. Rxb1 Rb8 27. Rxb8+ Bxb8 28. Nd2 Bc7 29. Nb3 Bb6 30. g3 f5 31. Kg2 Kf7 32. f4 Kf6 33. Kf3 h5 34. g4 fxg4+ 35. hxg4 exf4 36. gxh5 gxh5 37. Kxf4 Bc7+ 38. Kf3 Bb6 39. Nc1 Kg5 40. Ne2 Bc7 41. Ng1 Be5 42. Nh3+ Kh4 43. Nf4 Bd6 44. e5 Bxe5 45. Ng6+ Kh3 46. Nxe5 h4 47. Ng6 a5 48. a4 1-0

[Event "Wch Blitz (Women)"]
[Site "New York"]
[Date "2024.12.30"]
[Round "5"]
[White "Cervantes Landeiro, Thalia"]
[Black "Tokhirjonova, Gulruhbegim"]
[Result "1-0"]
[WhiteElo "2307"]
[BlackElo "2385"]
[PlyCount "131"]
[EventDate "2024.12.30"]
[EventType "swiss (blitz)"]
[EventRounds "11"]
[EventCountry "USA"]
[SourceTitle "CB01_2025"]
[SourceDate "2025.01.01"]
[SourceVersion "1"]
[SourceVersionDate "2025.01.01"]
[SourceQuality "1"]

1. d4 Nf6 2. Nf3 d5 3. Bf4 e6 4. e3 Bd6 5. Ne5 0-0 6. Nd2 c5 7. c3 Qc7 8. h4 Nbd7 9. Ndf3 Ne4 10. Bd3 f6 11. Nxd7 Bxd7 12. Bxd6 Qxd6 13. Qc2 Bc6 14. dxc5 Qxc5 15. Nd4 Qd6 16. 0-0-0 f5 17. f3 Nc5 18. g4 Nxd3+ 19. Qxd3 fxg4 20. fxg4 Rf2 21. Rhf1 Raf8 22. Nf5 Qh2 23. Rxf2 Qxf2 24. Rf1 Qxf1+ 25. Qxf1 exf5 26. gxf5 Bd7 27. Qd3 Rxf5 28. e4 Rh5 29. exd5 Rxh4 30. Qg3 Re4 31. Qb8+ Kf7 32. Qxb7 Ke8 33. Qb8+ Ke7 34. Qxa7 Re1+ 35. Kd2 Rh1 36. Qc5+ Ke8 37. Qe3+ Kd8 38. Qg5+ Kc8 39. Qxg7 Rh2+ 40. Ke3 Rxb2 41. Qh8+ Kc7 42. Qxh7 Rxa2 43. Qg7 Ra4 44. Qe5+ Kc8 45. Qd6 Rg4 46. Kd3 Bf5+ 47. Ke3 Bd7 48. Qc5+ Kb7 49. c4 Rg3+ 50. Kd4 Rg4+ 51. Kc3 Rg3+ 52. Kb4 Rg4 53. Qd6 Kc8 54. Qf8+ Kc7 55. Kc5 Rg2 56. Qd6+ Kc8 57. Qf8+ Kc7 58. Qf4+ Kc8 59. Qe5 Rg1 60. Qe3 Rf1 61. Qa3 Kb7 62. Qb4+ Kc8 63. Qa5 Kb7 64. Qb6+ Kc8 65. d6 Rf5+ 66. Kb4 1-0

[Event "Wch Blitz (Women)"]
[Site "New York"]
[Date "2024.12.30"]
[Round "11"]
[White "Tokhirjonova, Gulruhbegim"]
[Black "Peycheva, Gergana"]
[Result "1/2-1/2"]
[WhiteElo "2385"]
[BlackElo "2212"]
[PlyCount "113"]
[EventDate "2024.12.30"]
[EventType "swiss (blitz)"]
[EventRounds "11"]
[EventCountry "USA"]
[SourceTitle "CB01_2025"]
[SourceDate "2025.01.01"]
[SourceVersion "1"]
[SourceVersionDate "2025.01.01"]
[SourceQuality "1"]

1. d4 d5 2. Nc3 Nf6 3. Bf4 e6 4. e3 Be7 5. g4 a6 6. h4 c5 7. g5 Nfd7 8. Nf3 Nc6 9. Bg2 b5 10. h5 Bb7 11. a3 Nb6 12. b3 Bd6 13. Ne2 Bxf4 14. Nxf4 Qd6 15. Qd2 c4 16. Bh3 e5 17. dxe5 Nxe5 18. Nxe5 Qxe5 19. Qd4 Qxd4 20. exd4 0-0 21. Kd2 Bc8 22. Bg2 Bf5 23. Rhe1 Rac8 24. Rac1 Rfd8 25. Re5 g6 26. h6 f6 27. gxf6 Kf7 28. Rce1 Kxf6 29. Re7 Rd7 30. Rxd7 Bxd7 31. Nxd5+ Nxd5 32. Bxd5 cxb3 33. Bxb3 Bf5 34. c3 Kg5 35. d5 Kxh6 36. Re7 Rd8 37. Ke3 Kg5 38. Rxh7 Kf6 39. Kd4 g5 40. Kc5 Rc8+ 41. Kb4 a5+ 42. Kxb5 Bxh7 43. c4 g4 44. c5 Bf5 45. c6 Ke7 46. Kc5 Rd8 47. c7 Rh8 48. d6+ Kd7 49. Ba4+ Kc8 50. Bb5 g3 51. fxg3 Bg4 52. Ba6+ Kd7 53. Bb5+ Kc8 54. Ba6+ Kd7 55. Bb5+ Kc8 56. Ba6+ Kd7 57. Bb5+ 1/2-1/2

[Event "Wch Rapid (Women)"]
[Site "New York"]
[Date "2024.12.28"]
[Round "10"]
[White "Belenkaya, Dina"]
[Black "Tokhirjonova, Gulruhbegim"]
[Result "1/2-1/2"]
[WhiteElo "2136"]
[BlackElo "2307"]
[PlyCount "181"]
[EventDate "2024.12.26"]
[EventType "swiss (rapid)"]
[EventRounds "11"]
[EventCountry "USA"]
[SourceTitle "CB01_2025"]
[SourceDate "2025.01.01"]
[SourceVersion "1"]
[SourceVersionDate "2025.01.01"]
[SourceQuality "1"]

1. d4 Nf6 2. c4 e6 3. Nc3 Bb4 4. e3 0-0 5. Bd3 d5 6. Nge2 dxc4 7. Bxc4 c5 8. a3 Bxc3+ 9. bxc3 Qc7 10. Ba2 Nc6 11. 0-0 b6 12. Ng3 Ba6 13. Re1 Rfd8 14. Rb1 Na5 15. Rb2 Rac8 16. Bb1 Nc4 17. Ra2 Nd6 18. a4 Bc4 19. Rd2 cxd4 20. exd4 Bd5 21. Rd3 Qb7 22. Nh5 Nxh5 23. Qxh5 Be4 24. Bg5 Bg6 25. Qh3 Re8 26. Rf3 Qd5 27. Bxg6 hxg6 28. Qh4 Nf5 29. Qg4 e5 30. dxe5 Rxe5 31. Rf1 Rce8 32. Be3 Re4 33. Rf4 Qc4 34. Rxe4 Rxe4 35. Qf3 Qxa4 36. Bd4 Qe8 37. Qd3 Re1 38. Be3 Rxf1+ 39. Kxf1 Nxe3+ 40. fxe3 Qe7 41. Qd4 Qf6+ 42. Ke2 Qxd4 43. exd4 a5 44. c4 Kf8 45. h4 Ke7 46. Kd3 Ke6 47. Kc3 Kf5 48. Kb3 Ke4 49. d5 Ke5 50. Ka4 Kd6 51. Kb5 Kc7 52. Ka4 f6 53. Kb5 Kd6 54. Kxb6 a4 55. c5+ Kxd5 56. c6 a3 57. c7 a2 58. c8Q a1Q 59. Qd7+ Ke5 60. Qc7+ Kf5 61. Qc2+ Kf4 62. Qxg6 Qd4+ 63. Kc7 f5 64. g3+ Kf3 65. Qxf5+ Kxg3 66. Qg5+ Qg4 67. Qe7 g6 68. Qe1+ Kh2 69. Kc6 Qg3 70. Qe7 Kh3 71. Kd5 Qxh4 72. Qe3+ Qg3 73. Qh6+ Kg2 74. Qd2+ Kg1 75. Qd1+ Kf2 76. Qd2+ Kf3 77. Qd3+ Kf4 78. Qe4+ Kg5 79. Qe7+ Kh6 80. Qf8+ Kh5 81. Qh8+ Kg5 82. Qd8+ Kg4 83. Qc8+ Kh4 84. Qh8+ Kg5 85. Qd8+ Kf5 86. Qf8+ Kg4 87. Qc8+ Kf3 88. Qc3+ Kg2 89. Qd2+ Kh3 90. Qh6+ Kg2 91. Qd2+ 1/2-1/2

[Event "US Masters op"]
[Site "Charlotte"]
[Date "2024.12.01"]
[Round "9"]
[White "Tokhirjonova, Gulruhbegim"]
[Black "Kevlishvili, Robby"]
[Result "1-0"]
[WhiteElo "2385"]
[BlackElo "2556"]
[PlyCount "87"]
[EventDate "2024.11.27"]
[EventType "swiss"]
[EventRounds "9"]
[EventCountry "USA"]
[SourceTitle "CB49_2024"]
[SourceDate "2024.12.04"]
[SourceVersion "1"]
[SourceVersionDate "2024.12.04"]
[SourceQuality "1"]

1. e4 c5 2. Nf3 d6 3. d4 cxd4 4. Nxd4 Nf6 5. Nc3 a6 6. f3 e5 7. Nb3 Be6 8. Be3 h5 9. Be2 Nbd7 10. f4 g6 11. h3 Rc8 12. 0-0 h4 13. f5 gxf5 14. exf5 Bc4 15. Bxc4 Rxc4 16. Qd3 Rc8 17. a4 Qc7 18. Rf2 Rg8 19. Re1 Qc6 20. Na5 Qc7 21. Nb3 Be7 22. Rd2 Qc4 23. Bf2 Nh5 24. Qxc4 Rxc4 25. Na5 Rb4 26. Nd5 Rxb2 27. Nc4 Ra2 28. Nc3 d5 29. Nxd5 Bg5 30. Rde2 Nf4 31. Nxf4 Bxf4 32. Bxh4 Rxa4 33. Re4 Kf8 34. Rd1 Rh8 35. Bd8 Rh6 36. Rxd7 Rc6 37. Rc7 Rxc7 38. Bxc7 b5 39. Nd6 Ra2 40. g3 Bxg3 41. Re2 Bf4 42. f6 Ra3 43. h4 Rc3 44. Bd8 1-0

[Event "USA-ch (Women)"]
[Site "Saint Louis"]
[Date "2024.10.23"]
[Round "11"]
[White "Tokhirjonova, Gulruhbegim"]
[Black "Abrahamyan, Tatev"]
[Result "1-0"]
[WhiteElo "2374"]
[BlackElo "2327"]
[PlyCount "89"]
[EventDate "2024.10.11"]
[EventType "tourn"]
[EventRounds "11"]
[EventCountry "USA"]
[EventCategory "3"]
[SourceTitle "CB43_2024"]
[Source "Chessbase"]
[SourceDate "2024.10.23"]
[SourceVersion "1"]
[SourceVersionDate "2024.10.23"]
[SourceQuality "1"]

1. e4 e6 2. d4 d5 3. Nc3 Bb4 4. e5 c5 5. a3 Ba5 6. b4 cxd4 7. Qg4 Kf8 8. Nb5 Bb6 9. Nf3 Nc6 10. Qf4 f6 11. Bb2 g5 12. Nxg5 Nxe5 13. Nxd4 Qe7 14. Ngf3 Ng6 15. Qd2 e5 16. Nb3 Be6 17. g3 h5 18. a4 h4 19. Rg1 hxg3 20. hxg3 Nh6 21. a5 Bc7 22. Nc5 Bf7 23. Nxb7 Rb8 24. a6 Bb6 25. b5 Kg7 26. Nh4 Qd7 27. c4 Rbc8 28. Rc1 d4 29. c5 Bc7 30. c6 Qe8 31. Bh3 Be6 32. Bxe6 Qxe6 33. Qd3 Ne7 34. Ba3 e4 35. Qxd4 Rcd8 36. Nxd8 Rxd8 37. Qxa7 Ba5+ 38. Kf1 Qh3+ 39. Ng2 Nhf5 40. Bxe7 Nxg3+ 41. fxg3 Qf5+ 42. Nf4 Qxb5+ 43. Ne2 Rd5 44. Bd6+ Kg6 45. Rh1 1-0

[Event "USA-ch (Women)"]
[Site "Saint Louis"]
[Date "2024.10.21"]
[Round "9"]
[White "Krush, Irina"]
[Black "Tokhirjonova, Gulruhbegim"]
[Result "0-1"]
[WhiteElo "2388"]
[BlackElo "2374"]
[PlyCount "78"]
[EventDate "2024.10.11"]
[EventType "tourn"]
[EventRounds "11"]
[EventCountry "USA"]
[EventCategory "3"]
[SourceTitle "CB43_2024"]
[Source "Chessbase"]
[SourceDate "2024.10.23"]
[SourceVersion "1"]
[SourceVersionDate "2024.10.23"]
[SourceQuality "1"]

1. c4 e5 2. Nc3 Nc6 3. g3 g6 4. Bg2 Bg7 5. Rb1 a5 6. e3 d6 7. Nge2 h5 8. h4 Nf6 9. a3 0-0 10. 0-0 Bg4 11. d3 Qd7 12. b3 Rae8 13. Bd2 Ne7 14. Ne4 Nxe4 15. dxe4 b6 16. Qe1 a4 17. b4 Be6 18. Rc1 c6 19. c5 b5 20. Kh2 Rd8 21. cxd6 Qxd6 22. Bc3 Bb3 23. Rh1 Nc8 24. Bf3 Qe6 25. Qg1 f5 26. Qg2 Nd6 27. exf5 Qxf5 28. Bxc6 Qxf2 29. Nf4 Qxg2+ 30. Nxg2 Rc8 31. Ba1 Rf2 32. Rc5 Kh7 33. Rg1 Nf5 34. Bxb5 Rxc5 35. bxc5 Bd5 36. Kh3 Be6 37. g4 hxg4+ 38. Kxg4 Nd4+ 39. Kg3 Rf3+ 0-1

[Event "Olympiad Women-45"]
[Site "Budapest"]
[Date "2024.09.21"]
[Round "10.1"]
[White "Tokhirjonova, Gulruhbegim"]
[Black "Osmak, Iulija"]
[Result "1-0"]
[WhiteElo "2380"]
[BlackElo "2471"]
[PlyCount "167"]
[EventDate "2024.09.11"]
[EventType "team-swiss"]
[EventRounds "11"]
[EventCountry "HUN"]
[SourceTitle "EXT 2025"]
[Source "ChessBase"]
[SourceDate "2024.10.14"]
[SourceVersion "1"]
[SourceVersionDate "2024.10.14"]
[SourceQuality "1"]
[WhiteTeam "United States (W)"]
[BlackTeam "Ukraine (W)"]
[WhiteTeamCountry "USA"]
[BlackTeamCountry "UKR"]

1. Nf3 d5 2. g3 c6 3. Bg2 Nf6 4. c4 dxc4 5. Qc2 Be6 6. 0-0 Nbd7 7. Ng5 Bg4 8. Qxc4 e6 9. d4 Be7 10. Nc3 0-0 11. h3 Bh5 12. Nf3 Bg6 13. e3 Ne4 14. Rd1 Qa5 15. Bd2 Nxd2 16. Nxd2 Rac8 17. Qe2 Rfd8 18. a3 Qc7 19. Rac1 Qb8 20. Nc4 Bf6 21. b4 Nb6 22. f4 Nxc4 23. Qxc4 Qd6 24. Kh1 Be7 25. e4 a5 26. bxa5 Qxa3 27. Rb1 Rb8 28. g4 Qxa5 29. f5 exf5 30. exf5 Bxf5 31. gxf5 Qxf5 32. Rf1 Qh5 33. d5 cxd5 34. Nxd5 Bd6 35. Rbe1 b5 36. Qb3 Kh8 37. Ne7 Bxe7 38. Rxe7 f6 39. Rfe1 Qg6 40. Be4 f5 41. Rg1 Qxg1+ 42. Kxg1 fxe4 43. Qb2 Rg8 44. Rxe4 Rb6 45. Kh2 h6 46. h4 Rf8 47. Rg4 Rb7 48. Rg6 Kh7 49. Qc2 Rbf7 50. Rg4+ Kh8 51. Qc3 Rf2+ 52. Kg3 R8f6 53. h5 Rf1 54. Qd4 R1f3+ 55. Kh4 Rf1 56. Re4 Rf8 57. Kg4 R1f5 58. Re6 Rg5+ 59. Kh4 Rgf5 60. Re4 Rf1 61. Kg3 R1f5 62. Rg4 Rg5 63. Rxg5 hxg5 64. h6 Rf6 65. hxg7+ Kxg7 66. Kg4 Kg6 67. Qe4+ Kh6 68. Qh1+ Kg6 69. Qh5+ Kg7 70. Kxg5 b4 71. Qe8 Rf7 72. Qe5+ Kh7 73. Qe4+ Kg7 74. Qxb4 Kh7 75. Qd4 Re7 76. Kf6 Rg7 77. Qh4+ Kg8 78. Qh5 Rg1 79. Qe8+ Kh7 80. Qd7+ Kg8 81. Qc8+ Kh7 82. Qc7+ Kg8 83. Qb8+ Kh7 84. Qh2+ 1-0